| 000 | 00869nam0a22002411 4500 | ||
|---|---|---|---|
| 001 | rc\3051599 | ||
| 005 | 20250831000517.0 | ||
| 035 | _a(NLR Aleph) 007191002 | ||
| 090 |
_a88808 _c88808 |
||
| 100 | _a20111010d1942 u y0rusy50 ca | ||
| 101 | 0 | _arus | |
| 105 | _ac z ||||| | ||
| 200 | 1 |
_a129500 километров без обточки _fС. Наумов |
|
| 210 |
_aБ. м. _cДорпрофсожа и газ. "Турксиб" _d1942 |
||
| 215 |
_a40 с. _cпортр. _d14 см |
||
| 225 | 1 | _aОпыт стахановцев Турксиба | |
| 700 | 1 |
_aНаумов _bС. |
|
| 801 | 0 |
_aRU _bNLR _gpsbo |
|
| 801 | 1 |
_aRU _bELAR _2rusmarc |
|
| 852 |
_aNLR _jТ88 Г-2/99 |
||
| 942 | _cBOOK | ||
| 945 |
_aРоссийская национальная библиотека _aНациональная библиотека Республики Казахстан |
||
| 980 | _aBV | ||